000249162 001__ 249162
000249162 005__ 20250112183900.0
000249162 022__ $$2(DE-600)1448691-X$$a1440-2807
000249162 022__ $$a1440-2807$$l1440-2807
000249162 0247_ $$2ZDBID$$aPERI:(DE-600)3054522-5
000249162 0247_ $$2ZDBPPN$$aZDPPN:1227784309
000249162 0247_ $$2EZBID$$aPERI:(DE-606)475222
000249162 0247_ $$2EZBID$$aPERI:(DE-606)475222
000249162 0247_ $$2OCLC$$aOCLC:1240573395
000249162 0247_ $$2JCR$$aJCR:J ASTRON HIST HERIT
000249162 0247_ $$2ISI$$aWOS:JOURNAL OF ASTRONOMICAL HISTORY AND HERITAGE
000249162 0247_ $$2SCOPUS$$aSCOPUS:21101041502
000249162 035__ $$aPERI:(DE-600)3054522-5
000249162 040__ $$a0019$$bger$$cDE-101$$dJOIN²$$eJOIN² journal identification
000249162 041__ $$aeng
000249162 044__ $$cXB-TH
000249162 082__ $$223sdnb$$a520$$qDE-600
000249162 08274 $$223sdnb$$a520$$qDE-600
000249162 24220 $$2DE-600$$aJournal of astronomical history and heritage$$bJAHH$$yen
000249162 24220 $$2DE-600$$aJournal of astronomical history and heritage$$bJAHH
000249162 245__ $$2DE-600$$aJournal of astronomical history and heritage$$bJAHH$$honline, print
000249162 2463_ $$2DE-600$$aJournal of astronomical history and heritage
000249162 2463_ $$aJournal of astronomical history and heritage
000249162 2463_ $$aJAH
000249162 260__ $$aChiang Mai$$bNational Astronomical Research Institute of Thailand (NARIT)$$c[2012]-
000249162 264_1 $$32012$$aTownsville, Queensland, Australia$$bCentre for Astronomy, James Cook University
000249162 26431 $$aChiang Mai$$bNational Astronomical Research Institute of Thailand (NARIT)$$c[2012]-
000249162 3620_ $$2DE-600$$aVolume 1 (1998)-
000249162 36301 $$2DE-600$$81.1\x$$a1$$i1998
000249162 380__ $$2marcgt$$ajournal
000249162 500__ $$aAutomatically generated record. (Updated: 2024-12-17)
000249162 650_7 $$0ASJC:1202$$2ASJC$$aHistory
000249162 650_7 $$0ASJC:3103$$2ASJC$$aAstronomy and Astrophysics
000249162 650_7 $$0ASJC:3101$$2ASJC$$aPhysics and Astronomy (miscellaneous)
000249162 65310 $$2EZB-Subject$$aPhysik
000249162 65310 $$2EZB-Keyword$$aAstronomie,Geschichte der Physik
000249162 77608 $$2DE-600$$dWembley : Astral Pr., 1998-2011$$iErscheint auch als$$nDruck-Ausgabe, 1998-2011$$tJournal of astronomical history and heritage$$w(DE-600)1448691-X$$x1440-2807
000249162 8564_ $$d0$$uhttps://ezb.ur.de/?3054522-5$$yEZB
000249162 8564_ $$d0$$uhttps://www.narit.or.th/index.php/en/jahh$$yVerlag = kostenfrei
000249162 8801_ $$2DE-600$$aJournal of astronomical history and heritage$$bJAHH
000249162 909CO $$ooai:juser.fz-juelich.de:914514$$pauthority$$pauthority:PERI
000249162 909CO $$ooai:juser.fz-juelich.de:914514
000249162 915__ $$0StatID:(DE-HGF)0100$$2StatID$$aJCR$$bJ ASTRON HIST HERIT : 2022$$d2024-12-17
000249162 915__ $$0StatID:(DE-HGF)0200$$2StatID$$aDBCoverage$$bSCOPUS$$d2024-12-17
000249162 915__ $$0StatID:(DE-HGF)0600$$2StatID$$aDBCoverage$$bEbsco Academic Search$$d2024-12-17
000249162 915__ $$0StatID:(DE-HGF)0030$$2StatID$$aPeer Review$$bASC$$d2024-12-17
000249162 915__ $$0StatID:(DE-HGF)0199$$2StatID$$aDBCoverage$$bClarivate Analytics Master Journal List$$d2024-12-17
000249162 915__ $$0StatID:(DE-HGF)0112$$2StatID$$aWoS$$bEmerging Sources Citation Index$$d2024-12-17
000249162 915__ $$0StatID:(DE-HGF)0150$$2StatID$$aDBCoverage$$bWeb of Science Core Collection$$d2024-12-17
000249162 915__ $$0StatID:(DE-HGF)9900$$2StatID$$aIF < 5$$d2024-12-17
000249162 980__ $$aPERI
000249162 980__ $$aAUTHORITY